La Regola Delle Ombre

保存先:
書誌詳細
第一著者: Giulio Leoni
フォーマット: 図書
言語:言語不明
出版事項: Mondo Libri
タグ: タグ追加
タグなし, このレコードへの初めてのタグを付けませんか!

MARC

LEADER 00000nam a2200000Ia 4500
001 R-857
003 CODICE-MESSINA
005 20260212102458.0
008 260211s9999 xx 000 0 und d
040 |c importazione_messina 
100 |a Giulio Leoni 
245 0 |a La Regola Delle Ombre 
260 |b Mondo Libri 
942 |2 ddc  |c BK 
952 |0 0  |1 0  |2 ddc  |4 0  |6 SCAFFALE_8_000000000000000__ROMANZI  |7 0  |9 31684  |a ME  |b ME  |d 2026-02-11  |l 0  |o SCAFFALE 8 - ROMANZI  |p R-857  |r 2026-02-11 23:52:42  |w 2026-02-11  |x [REVISIONARE]  |y BK 
999 |c 27349  |d 27349